[Event "CRO-Cup 18th"]
[Site "Sibenik"]
[Date "2009.05.24"]
[Round "5"]
[White "Perkovic, Ivan"]
[Black "Stimac, Josip"]
[Result "1-0"]
[WhiteElo "2095"]
[BlackElo "1984"]
[PlyCount "153"]
[EventDate "2009.05.20"]
[EventType "team-tourn"]
[EventRounds "5"]
[EventCountry "CRO"]
[SourceTitle "CBM 130 Extra"]
[Source "ChessBase"]
[SourceDate "2009.07.02"]
[SourceVersion "2"]
[SourceVersionDate "2009.07.15"]
[SourceQuality "1"]

1. e4 c5 2. Nf3 e6 3. d4 cxd4 4. Nxd4 a6 5. c4 Nf6 6. Nc3 Qc7 7. Bd3 Nc6 8. Nxc6 bxc6 9. 0-0 Bb7 10. Qe2 d6 11. b3 g6 12. Bb2 Bg7 13. Na4 0-0 14. e5 Nd7 15. exd6 Qxd6 16. Bxg7 Kxg7 17. Rad1 Qe7 18. Be4 f5 19. Bf3 e5 20. Rxd7 Qxd7 21. Qxe5+ Rf6 22. Nb6 Qe8 23. Qc3 Rd8 24. Re1 Qf7 25. h3 Kg8 26. c5 Re6 27. Rf1 Qf6 28. Qb4 Rd4 29. Nc4 Qe7 30. Qa5 Qd8 31. Qc3 Rd3 32. Qb4 Rd7 33. Nd6 Qe7 34. Qc4 Kg7 35. b4 Re5 36. Nxb7 Rxb7 37. Bxc6 Ra7 38. Bf3 h6 39. a4 a5 40. Qd4 Kh7 41. h4 axb4 42. h5 Qxc5 43. hxg6+ Kxg6 44. Qf4 Qe7 45. Qc4 Kh7 46. Qc2 Rc7 47. Qb1 Rc3 48. Bg4 Qf8 49. Rd1 Kh8 50. Bh5 Qe7 51. Rf1 Ra3 52. Qc1 Re6 53. Qf4 Qc5 54. Rd1 b3 55. Rd8+ Kh7 56. Rd7+ Re7 57. Rxe7+ Qxe7 58. Qxf5+ Kh8 59. Qc8+ Kh7 60. Qf5+ Kh8 61. Qc8+ Kg7 62. Qc3+ Kh7 63. Qd3+ Kg7 64. Qg6+ Kh8 65. Qxh6+ Kg8 66. Qg6+ Qg7 67. Qe8+ Kh7 68. Qe4+ Kh6 69. Qe3+ Qg5 70. Qd4 Kxh5 71. Qh8+ Kg6 72. Qg8+ Kh5 73. Qh7+ Kg4 74. Qh3+ Kf4 75. Qe3+ Kg4 76. Qf3+ Kh4 77. Qh3# 1-0

[Event "CRO-Cup 18th"]
[Site "Sibenik"]
[Date "2009.05.20"]
[Round "1"]
[White "Rogic, Davor"]
[Black "Perkovic, Ivan"]
[Result "1-0"]
[WhiteElo "2523"]
[BlackElo "2095"]
[PlyCount "87"]
[EventDate "2009.05.20"]
[EventType "team-tourn"]
[EventRounds "5"]
[EventCountry "CRO"]
[SourceTitle "CBM 130 Extra"]
[Source "ChessBase"]
[SourceDate "2009.07.02"]
[SourceVersion "2"]
[SourceVersionDate "2009.07.15"]
[SourceQuality "1"]

1. e4 c5 2. Nf3 a6 3. Nc3 e6 4. d4 cxd4 5. Nxd4 Nc6 6. Be2 Qc7 7. 0-0 Nf6 8. Be3 Be7 9. a4 0-0 10. f4 d6 11. Kh1 Bd7 12. Nb3 b6 13. Bf3 Rac8 14. Qe2 Nb4 15. Rad1 Bc6 16. Nd4 Ba8 17. Bf2 Rfe8 18. Bg3 Nd7 19. e5 dxe5 20. fxe5 Bc5 21. Be4 Nf8 22. Nf3 Be7 23. Nd2 Bg5 24. Bxa8 Bxd2 25. Rxd2 Rxa8 26. Ne4 Ra7 27. Nd6 Re7 28. Bh4 Rd7 29. Qg4 Nd5 30. Ne8 f5 31. exf6 Ne3 32. Nxc7 Nxg4 33. Rxd7 gxf6 34. Rd4 Ne3 35. Rxf6 Rxc7 36. Rd8 Rf7 37. Rxf7 Kxf7 38. Bf2 Nxc2 39. Bxb6 Ng6 40. Rd7+ Kg8 41. Bc5 Na1 42. b4 Nb3 43. Rd3 Nc1 44. Rd6 1-0

[Event "CRO-chT3"]
[Site "Zagreb"]
[Date "2009.04.26"]
[Round "7"]
[White "Perkovic, Ivan"]
[Black "Ryznar, Vladimir"]
[Result "0-1"]
[WhiteElo "2095"]
[BlackElo "2143"]
[PlyCount "88"]
[EventDate "2009.03.08"]
[EventType "team-tourn"]
[EventRounds "9"]
[EventCountry "CRO"]
[SourceTitle "EXT 2011"]
[Source "ChessBase"]
[SourceDate "2010.11.26"]
[SourceVersion "1"]
[SourceVersionDate "2010.11.26"]
[SourceQuality "1"]

1. e4 c5 2. Nf3 Nc6 3. d4 cxd4 4. Nxd4 Nf6 5. Nc3 d6 6. Be2 e6 7. 0-0 a6 8. Kh1 Qc7 9. Be3 Bd7 10. f4 Nxd4 11. Bxd4 e5 12. Be3 Bc6 13. Bd3 Be7 14. Qe1 b5 15. a3 Ng4 16. Bg1 exf4 17. Rxf4 Ne5 18. Qg3 Ng6 19. Rf5 Bf6 20. Raf1 Be5 21. Qe1 f6 22. Qe2 Ne7 23. R5f3 Qb7 24. Rh3 Bd7 25. Re3 h5 26. Nd5 Bg4 27. Qe1 h4 28. h3 Be6 29. c3 Nxd5 30. exd5 Bxd5 31. Bg6+ Ke7 32. Qd2 Rh6 33. Bf5 Rd8 34. Rd1 Bb3 35. Rxe5+ fxe5 36. Qg5+ Rf6 37. Qxg7+ Bf7 38. Bh7 Re6 39. Bf2 Rf8 40. Bxh4+ Ke8 41. Qg5 Kd7 42. Bf5 Rfe8 43. Qg7 Kc8 44. Qxe5 dxe5 0-1

[Event "CRO-chT3"]
[Site "Zagreb"]
[Date "2009.03.08"]
[Round "1"]
[White "Perkovic, Ivan"]
[Black "Podravec, Kresimir"]
[Result "0-1"]
[WhiteElo "2095"]
[BlackElo "2115"]
[PlyCount "100"]
[EventDate "2009.03.08"]
[EventType "team-tourn"]
[EventRounds "9"]
[EventCountry "CRO"]
[SourceTitle "EXT 2011"]
[Source "ChessBase"]
[SourceDate "2010.11.26"]
[SourceVersion "1"]
[SourceVersionDate "2010.11.26"]
[SourceQuality "1"]

1. e4 c5 2. Nf3 e6 3. d4 cxd4 4. Nxd4 Nf6 5. Bd3 Nc6 6. Nxc6 bxc6 7. 0-0 Be7 8. c4 d5 9. cxd5 cxd5 10. e5 Nd7 11. f4 Nc5 12. Bc2 a5 13. Nc3 d4 14. Na4 g6 15. Rf3 0-0 16. Rh3 d3 17. Bb3 Ba6 18. Be3 Rc8 19. Nxc5 Bxc5 20. Qd2 Bxe3+ 21. Qxe3 Qc7 22. Kh1 Qc5 23. Qd2 Qd4 24. f5 Qxe5 25. fxe6 fxe6 26. Re1 Qd6 27. Rhe3 Rce8 28. h3 Rf6 29. Qc3 Kf7 30. Qd2 Kg7 31. Qc3 e5 32. Kg1 Rc8 33. Qd2 Qd4 34. Kh1 a4 35. Bd1 Re8 36. Re4 Qd6 37. Rxa4 e4 38. Qe3 d2 39. Rg1 Qd3 40. Qa7+ Kh8 41. Rd4 Qe3 42. Qd7 Ref8 43. Rxd2 Qg3 44. Qd4 e3 45. Rc2 Bb7 46. Bg4 h5 47. Bd7 Kh7 48. Qc5 Rf2 49. Qe7+ R8f7 50. Qe6 Bxg2+ 0-1

[Event "Sisak"]
[Site "Sisak"]
[Date "2008.12.01"]
[Round "4"]
[White "Perkovic, Ivan"]
[Black "Kostanjsek, Zorko"]
[Result "0-1"]
[WhiteElo "2132"]
[BlackElo "2210"]
[PlyCount "87"]
[EventDate "2008.11.29"]
[EventType "tourn"]
[EventRounds "9"]
[EventCountry "CRO"]
[EventCategory "2"]
[SourceTitle "CBM 127 Extra"]
[Source "ChessBase"]
[SourceDate "2009.01.08"]
[SourceVersion "2"]
[SourceVersionDate "2009.01.28"]
[SourceQuality "1"]

1. e4 Nc6 2. d4 e5 3. d5 Nce7 4. c4 Ng6 5. Nc3 Nf6 6. Nf3 Bb4 7. Bd3 Bxc3+ 8. bxc3 d6 9. h3 0-0 10. Nh2 Qe8 11. Qf3 b6 12. 0-0 Ba6 13. a4 Nd7 14. Be3 Nc5 15. Be2 Nb3 16. Ra3 Na5 17. c5 Bxe2 18. Qxe2 dxc5 19. Bxc5 Nb7 20. Be3 Qe7 21. Raa1 f5 22. exf5 Rxf5 23. Qg4 Raf8 24. Bc1 Nf4 25. Bxf4 Rxf4 26. Qg3 Qc5 27. Rad1 Nd6 28. Ng4 Ne4 29. Qd3 Qxc3 30. Qxc3 Nxc3 31. Rd3 Nxa4 32. Nxe5 Nc5 33. Rdd1 a5 34. f3 Ra8 35. d6 cxd6 36. Rxd6 Rb4 37. Rfd1 h6 38. h4 h5 39. Rg6 a4 40. Nc6 Rxh4 41. Rd5 a3 42. Rdg5 Ne6 43. Rxe6 a2 44. Reg6 0-1

[Event "CRO Cup 17th"]
[Site "Sibenik"]
[Date "2008.05.25"]
[Round "5"]
[White "Zelic, Mladen"]
[Black "Perkovic, Ivan"]
[Result "1-0"]
[WhiteElo "2290"]
[BlackElo "2141"]
[PlyCount "55"]
[EventDate "2008.05.21"]
[EventType "swiss"]
[EventRounds "5"]
[EventCountry "CRO"]
[SourceTitle "CBM 124 Extra"]
[Source "ChessBase"]
[SourceDate "2008.07.03"]
[SourceVersion "1"]
[SourceVersionDate "2008.07.03"]
[SourceQuality "1"]

1. e4 c5 2. d4 cxd4 3. c3 dxc3 4. Nxc3 Nc6 5. Nf3 d6 6. Bc4 e6 7. 0-0 Nf6 8. Qe2 Be7 9. Rd1 e5 10. Be3 0-0 11. Rac1 Bg4 12. h3 Be6 13. b4 Bxc4 14. Qxc4 Rc8 15. Qb3 b6 16. a4 Qe8 17. a5 bxa5 18. b5 Nd4 19. Nxd4 exd4 20. Bxd4 Qd7 21. Qa3 Qb7 22. Qxa5 Ra8 23. Nd5 Nxd5 24. exd5 Bd8 25. Qb4 Bg5 26. Rc6 Rab8 27. Rb1 Be7 28. Qc3 1-0

[Event "CRO-chT3 Center"]
[Site "Zagreb"]
[Date "2005.04.24"]
[Round "3.2"]
[White "Perkovic, Ivan"]
[Black "Krklec, Josip"]
[Result "1/2-1/2"]
[WhiteElo "2082"]
[BlackElo "2088"]
[PlyCount "52"]
[EventDate "2005.04.03"]
[EventType "team-tourn"]
[EventRounds "11"]
[EventCountry "CRO"]
[SourceTitle "EXT 2007"]
[Source "ChessBase"]
[SourceDate "2006.11.23"]
[SourceVersion "1"]
[SourceVersionDate "2006.11.23"]
[SourceQuality "1"]

1. e4 c5 2. Nf3 Nc6 3. d4 cxd4 4. Nxd4 d6 5. c4 Nf6 6. Nc3 e6 7. Be2 Be7 8. 0-0 0-0 9. Be3 Bd7 10. f4 Nxd4 11. Bxd4 Bc6 12. Bf3 Nd7 13. Qe1 Re8 14. Qg3 Bf8 15. Rad1 e5 16. fxe5 dxe5 17. Be3 Qa5 18. Kh1 Bc5 19. Bh6 Bf8 20. Nd5 Re6 21. Bg5 Bxd5 22. Rxd5 Nc5 23. a3 Qc7 24. b4 Rg6 25. Qh4 Ne6 26. Bd2 Qxc4 1/2-1/2